Tercera Escola d'Estiu de Serveis Socials : del 29 de juny al 3 de juliol de 1992 : els Serveis Socials en la comunitat del 29 de juny al 3 de juliol de 1992 :
Descripción Física:
145 p. ; 29 cm
Materias:
Serveis socials -- Congressos
MARC
| LEADER | 00000nam a2200000Ia 4500 | ||
|---|---|---|---|
| 001 | 22224 | ||
| 003 | BGR | ||
| 005 | 20260324175733.0 | ||
| 008 | 160829s1992 xx 000 0 cat d | ||
| 080 | |a S-1-301 | ||
| 111 | |a Escola d'Estiu de Serveis Socials |9 70778 |c (Barcelona : |d 1992) | ||
| 245 | |a Tercera Escola d'Estiu de Serveis Socials : |b del 29 de juny al 3 de juliol de 1992 : |b els Serveis Socials en la comunitat | ||
| 260 | |a Barcelona : |b Diputació de Barcelona. Àrea de Serveis Socials, |c 1992 | ||
| 300 | |a 145 p. ; |c 29 cm | ||
| 650 | |a Serveis socials |x Congressos |9 24401 | ||
| 710 | |a Barcelona (Catalunya : Província). |b Àrea de Serveis Socials |9 53159 | ||
| 901 | |a Arxiu | ||
| 942 | |n 1 |2 udc |c MON | ||
| 952 | |0 0 |1 0 |4 0 |6 S1301 |7 1 |9 49090 |a Arxiu |b Arxiu |d 2016-12-01 |l 0 |o S-1-301 |p 22224 |r 2016-12-01 00:00:00 |w 2016-12-01 |y ARXIU | ||
| 999 | |c 52927 |d 52927 | ||